[Event "Irkutsk Veda"]
[Site "Irkutsk"]
[Date "2015.08.12"]
[Round "5"]
[White "Naumov, Ivan"]
[Black "Kiselyov, Sergei"]
[Result "1-0"]
[WhiteElo "2024"]
[BlackElo "2048"]
[PlyCount "57"]
[EventDate "2015.08.08"]
[EventType "swiss"]
[EventRounds "9"]
[EventCountry "RUS"]
[SourceTitle "EXT 2018"]
[Source "ChessBase"]
[SourceDate "2017.10.13"]
[SourceVersion "1"]
[SourceVersionDate "2017.10.13"]
[SourceQuality "1"]

1. d4 Nf6 2. Nf3 g6 3. c4 c5 4. e3 Bg7 5. Nc3 cxd4 6. exd4 0-0 7. Be2 d5 8. b3 Nc6 9. 0-0 Bg4 10. Be3 Ne4 11. Nxd5 e6 12. Nf4 Nc3 13. Qd2 Nxe2+ 14. Qxe2 Bxd4 15. Rad1 e5 16. Bxd4 exd4 17. h3 Re8 18. Qd3 Bf5 19. Qd2 Re4 20. Rfe1 Rxe1+ 21. Qxe1 Qd6 22. Nd5 Qc5 23. Qd2 Be6 24. Qh6 Bxd5 25. cxd5 Qxd5 26. Ng5 Rd8 27. Qxh7+ Kf8 28. Re1 Ne7 29. Qh8+ 1-0

[Event "Irkutsk Baykal op"]
[Site "Irkutsk"]
[Date "2015.06.02"]
[Round "4"]
[White "Rozhnev, Gennady"]
[Black "Kiselyov, Sergei"]
[Result "0-1"]
[WhiteElo "2088"]
[BlackElo "2070"]
[PlyCount "120"]
[EventDate "2015.05.30"]
[EventType "swiss"]
[EventRounds "9"]
[EventCountry "RUS"]
[SourceTitle "EXT 2016"]
[Source "ChessBase"]
[SourceDate "2015.10.08"]
[SourceVersion "1"]
[SourceVersionDate "2015.10.08"]
[SourceQuality "1"]

1. e4 e5 2. Nf3 d6 3. d4 Nf6 4. Nc3 Nbd7 5. Bc4 Be7 6. dxe5 dxe5 7. 0-0 0-0 8. Qe2 c6 9. a4 b6 10. Bg5 h6 11. Be3 Qc7 12. Nd2 Nc5 13. h3 Re8 14. Qf3 a6 15. Ne2 Be6 16. Ng3 b5 17. Bxe6 fxe6 18. b3 Rad8 19. Rfd1 Rd7 20. axb5 axb5 21. Ndf1 Rf8 22. Rxd7 Qxd7 23. Bxc5 Bxc5 24. Qe2 Bd4 25. Rd1 Qc7 26. Nd2 Ra8 27. Nf3 Bc5 28. Ne1 Ra2 29. Nh5 Qf7 30. Nxf6+ Qxf6 31. Nd3 Bf8 32. g3 g6 33. Kg2 Qg7 34. Ne1 Qc7 35. Qg4 Qf7 36. h4 Kh7 37. Rd3 Bg7 38. Qd1 Ra7 39. Rd6 Rc7 40. Qg4 Bf8 41. Rxe6 Bc5 42. Nf3 Bd4 43. Nxd4 exd4 44. Rd6 c5 45. e5 Qf5 46. Qe2 Re7 47. f4 Kg7 48. Qd3 Ra7 49. Qxf5 gxf5 50. Rc6 Ra2 51. Rxc5 d3 52. Kf3 dxc2 53. Ke3 Rb2 54. Kd3 Rxb3+ 55. Kxc2 Rxg3 56. Rxb5 Rg4 57. Rb7+ Kf8 58. Rb4 Rxh4 59. Kd3 Rh1 60. Rb6 h5 0-1

[Event "Irkutsk-ch"]
[Site "Irkutsk"]
[Date "2014.02.23"]
[Round "8"]
[White "Shelk, Alexander"]
[Black "Kiselyov, Sergei"]
[Result "1-0"]
[WhiteElo "2334"]
[BlackElo "2085"]
[PlyCount "77"]
[EventDate "2014.02.02"]
[EventType "swiss"]
[EventRounds "9"]
[EventCountry "RUS"]
[SourceTitle "CBM 159 Extra"]
[Source "ChessBase"]
[SourceDate "2014.04.24"]
[SourceVersion "1"]
[SourceVersionDate "2014.04.24"]
[SourceQuality "1"]

1. d4 d6 2. e4 Nf6 3. Nc3 e5 4. Nge2 Nbd7 5. g3 Be7 6. Bg2 c6 7. a4 0-0 8. 0-0 a5 9. h3 Re8 10. Be3 Qc7 11. g4 Nf8 12. f4 exf4 13. Nxf4 Ng6 14. Nxg6 hxg6 15. Qf3 Rf8 16. Qg3 Be6 17. b3 Rae8 18. Kh1 Bc8 19. Bf4 Nh7 20. Rad1 Rd8 21. g5 Rfe8 22. Rd2 b6 23. d5 Ba6 24. dxc6 Bxf1 25. Bxf1 Qxc6 26. Bb5 Qc5 27. Bxe8 Rxe8 28. h4 f6 29. Nd5 Bd8 30. gxf6 Nxf6 31. Qxg6 Qc6 32. Rg2 Qd7 33. Nxf6+ Bxf6 34. Bxd6 Re6 35. Bf4 Bxh4 36. Qg4 Be1 37. Be5 g6 38. Rh2 Qc6 39. Rh8+ 1-0

[Event "Irkutsk-ch"]
[Site "Irkutsk"]
[Date "2014.02.20"]
[Round "7"]
[White "Kiselyov, Sergei"]
[Black "Galenpolsky, Mikhail"]
[Result "1-0"]
[WhiteElo "2085"]
[BlackElo "1734"]
[PlyCount "109"]
[EventDate "2014.02.02"]
[EventType "swiss"]
[EventRounds "9"]
[EventCountry "RUS"]
[SourceTitle "CBM 159 Extra"]
[Source "ChessBase"]
[SourceDate "2014.04.24"]
[SourceVersion "1"]
[SourceVersionDate "2014.04.24"]
[SourceQuality "1"]

1. e4 e6 2. d4 d5 3. Nc3 Bb4 4. exd5 exd5 5. Nf3 Ne7 6. Bg5 f6 7. Bf4 Nbc6 8. Be2 Bg4 9. h3 Bf5 10. 0-0 Qd7 11. Nb5 Ba5 12. a4 a6 13. Na3 Bb4 14. c3 Bd6 15. Bxd6 Qxd6 16. Nc2 0-0 17. Ne3 Be4 18. Nd2 Rae8 19. Nxe4 dxe4 20. f3 exf3 21. Bc4+ Kh8 22. Qxf3 Qd7 23. Rae1 Ng6 24. Nf5 Rxe1 25. Rxe1 Re8 26. Rf1 Nd8 27. a5 c6 28. h4 Ne6 29. g3 Ne7 30. Re1 Nxf5 31. Qxf5 Nf8 32. Qxd7 Rxe1+ 33. Kf2 Nxd7 34. Kxe1 Nf8 35. d5 c5 36. d6 g5 37. Bd5 gxh4 38. gxh4 Kg7 39. Bxb7 Kf7 40. Bxa6 Ke6 41. Bc8+ Kxd6 42. Bf5 c4 43. Ke2 Ng6 44. Bxg6 hxg6 45. Ke3 Kc5 46. a6 Kb6 47. Kd4 Kxa6 48. Kxc4 Kb6 49. Kd5 f5 50. Ke5 Kc5 51. h5 gxh5 52. Kxf5 Kc4 53. Kg5 Kb3 54. Kxh5 Kxb2 55. c4 1-0

[Event "Irkutsk Ermolaev Memorial 7th"]
[Site "Irkutsk"]
[Date "2013.08.10"]
[Round "8"]
[White "Kiselyov, Sergei"]
[Black "Feofilova, Elizaveta"]
[Result "1-0"]
[WhiteElo "2111"]
[BlackElo "1732"]
[PlyCount "159"]
[EventDate "2013.08.02"]
[EventType "swiss"]
[EventRounds "9"]
[EventCountry "RUS"]
[SourceTitle "CBM 155 Extra"]
[Source "ChessBase"]
[SourceDate "2013.08.26"]
[SourceVersion "1"]
[SourceVersionDate "2013.08.26"]
[SourceQuality "1"]

1. c4 Nf6 2. g3 g6 3. Bg2 Bg7 4. e4 d6 5. Ne2 e5 6. 0-0 0-0 7. d3 c6 8. Nbc3 Be6 9. h3 d5 10. b3 Na6 11. Bg5 dxc4 12. dxc4 Nc5 13. Qc2 Qc7 14. Rad1 Rad8 15. f4 Rxd1 16. Rxd1 Qb6 17. Kh2 exf4 18. gxf4 h6 19. Bh4 Qc7 20. Kh1 Qc8 21. Ng1 Re8 22. Rf1 Bd7 23. b4 Ne6 24. Qd2 Nc7 25. e5 Nh7 26. Ne4 Be6 27. Qe2 Bf8 28. a3 Bf5 29. Qf2 Qe6 30. Rc1 h5 31. Qxa7 Ra8 32. Qe3 Bh6 33. Rc3 b5 34. Nc5 Qe8 35. Qf3 bxc4 36. Qxc6 Nb5 37. Rxc4 Nxa3 38. Qxa8 Qxa8 39. Bxa8 Nxc4 40. Ne2 Bxh3 41. Bf3 Nf8 42. Kh2 Bc8 43. b5 Ne6 44. Nxe6 fxe6 45. Bd8 Kf7 46. Bc6 Kf8 47. Kg3 Kf7 48. Nd4 Bf8 49. Nb3 Bb4 50. Kh4 Be1+ 51. Kh3 Bb4 52. Kg3 Be1+ 53. Kf3 Nd2+ 54. Nxd2 Bxd2 55. Bh4 Ba5 56. Bf2 Kg7 57. b6 Ba6 58. b7 Bc7 59. Ba7 Bxb7 60. Bxb7 g5 61. Be3 g4+ 62. Kg3 Bb8 63. Kh4 Bc7 64. Kxh5 g3 65. Kg4 Kf7 66. Kxg3 Ke7 67. Bc6 Ba5 68. Bc5+ Kf7 69. Kf3 Bc3 70. Ke4 Kg6 71. Be8+ Kg7 72. Bd4 Bb4 73. f5 exf5+ 74. Kxf5 Be7 75. e6+ Kf8 76. Bh5 Bb4 77. Ke5 Ke7 78. Kd5 Ba3 79. Be3 Bb4 80. Bg5+ 1-0

[Event "Irkutsk Ermolaev Memorial 7th"]
[Site "Irkutsk"]
[Date "2013.08.09"]
[Round "7"]
[White "Demin, Petr"]
[Black "Kiselyov, Sergei"]
[Result "1/2-1/2"]
[WhiteElo "1967"]
[BlackElo "2111"]
[PlyCount "91"]
[EventDate "2013.08.02"]
[EventType "swiss"]
[EventRounds "9"]
[EventCountry "RUS"]
[SourceTitle "CBM 155 Extra"]
[Source "ChessBase"]
[SourceDate "2013.08.26"]
[SourceVersion "1"]
[SourceVersionDate "2013.08.26"]
[SourceQuality "1"]

1. e4 e5 2. Nf3 d6 3. d4 Nf6 4. Nc3 Nbd7 5. Bc4 Be7 6. 0-0 0-0 7. h3 c6 8. dxe5 dxe5 9. Qe2 b5 10. Bb3 Qc7 11. a3 Nc5 12. Ba2 Be6 13. Bg5 Bxa2 14. Rxa2 Ne6 15. Be3 Rad8 16. Rd1 Rxd1+ 17. Qxd1 Rd8 18. Qe1 Nd4 19. b3 a6 20. Nd2 Qd7 21. Ncb1 Qe6 22. Rb2 Qd7 23. f3 Nh5 24. c3 Ne6 25. Nf1 Nc5 26. Rd2 Qc7 27. Qd1 Rxd2 28. Nbxd2 Ne6 29. b4 c5 30. Nb3 c4 31. Nc1 Nhf4 32. Kh2 Qd8 33. Qxd8+ Bxd8 34. g3 Ng6 35. Kg2 Ngf8 36. f4 f6 37. f5 Nc7 38. Bb6 Nd7 39. Ba5 Kf7 40. Ne3 Ke8 41. Bxc7 Bxc7 42. Nd5 Kd8 43. Ne2 Nb6 44. Nxb6 Bxb6 45. Kf3 g6 46. g4 1/2-1/2

[Event "Irkutsk Ermolaev Memorial 7th"]
[Site "Irkutsk"]
[Date "2013.08.05"]
[Round "3"]
[White "Sidorov, Anton"]
[Black "Kiselyov, Sergei"]
[Result "1-0"]
[WhiteElo "1894"]
[BlackElo "2111"]
[PlyCount "125"]
[EventDate "2013.08.02"]
[EventType "swiss"]
[EventRounds "9"]
[EventCountry "RUS"]
[SourceTitle "CBM 155 Extra"]
[Source "ChessBase"]
[SourceDate "2013.08.26"]
[SourceVersion "1"]
[SourceVersionDate "2013.08.26"]
[SourceQuality "1"]

1. c4 c6 2. Nf3 d5 3. Qc2 Nf6 4. g3 Bg4 5. Bg2 Nbd7 6. d4 e6 7. 0-0 Bd6 8. Qb3 Qc7 9. c5 Be7 10. Bf4 Qc8 11. Nbd2 0-0 12. Rac1 b6 13. cxb6 axb6 14. Rfe1 Qa6 15. Rxc6 Qxa2 16. Qc3 Ra4 17. Rc1 Bb4 18. Qc2 Bf5 19. Qd1 Raa8 20. b3 Qa6 21. Bf1 Qa5 22. h3 h6 23. Ne1 Bg6 24. Ndf3 Rfe8 25. Nd3 Bxd3 26. Qxd3 Ne4 27. Bg2 Qa3 28. Qc2 Qa2 29. Ne5 Nxe5 30. Bxe5 Qxc2 31. R1xc2 Ra1+ 32. Kh2 Rb1 33. Bxe4 dxe4 34. Rxb6 Bf8 35. Kg2 Rd8 36. e3 Ra8 37. g4 g5 38. Bh2 Kg7 39. Rb7 Ra3 40. Rcc7 Raxb3 41. Rxf7+ Kg8 42. Rxb3 Rxb3 43. Ra7 Bb4 44. Rb7 Rb2 45. Bd6 Bc3 46. Rxb2 Bxb2 47. f3 exf3+ 48. Kxf3 Kf7 49. Bc5 Bc3 50. e4 Bb2 51. e5 Bc3 52. Ke4 Bb2 53. d5 Bc3 54. Bb6 Bb4 55. Bd8 Ba3 56. Bf6 Bf8 57. d6 Bxd6 58. exd6 Kxf6 59. Kd4 e5+ 60. Kd5 e4 61. Kxe4 Ke6 62. d7 Kxd7 63. Kf5 1-0

[Event "Irkutsk Ermolaev Memorial 7th"]
[Site "Irkutsk"]
[Date "2013.08.03"]
[Round "1"]
[White "Strugov, Ivan"]
[Black "Kiselyov, Sergei"]
[Result "0-1"]
[WhiteElo "1680"]
[BlackElo "2111"]
[PlyCount "56"]
[EventDate "2013.08.02"]
[EventType "swiss"]
[EventRounds "9"]
[EventCountry "RUS"]
[SourceTitle "CBM 155 Extra"]
[Source "ChessBase"]
[SourceDate "2013.08.26"]
[SourceVersion "1"]
[SourceVersionDate "2013.08.26"]
[SourceQuality "1"]

1. e4 c6 2. d4 d5 3. Bd3 dxe4 4. Bxe4 Nf6 5. Bf3 Bf5 6. Ne2 e6 7. 0-0 Bd6 8. Bf4 0-0 9. Bxd6 Qxd6 10. Ng3 Bg6 11. c3 Nbd7 12. Nd2 Rad8 13. Qb3 Qc7 14. Rad1 e5 15. Nde4 exd4 16. Rxd4 Nxe4 17. Bxe4 Nc5 18. Qb4 Nxe4 19. Nxe4 b6 20. Rc4 a5 21. Qb3 b5 22. Nf6+ gxf6 23. Qxb5 cxb5 24. Rxc7 Rd2 25. b3 Rxa2 26. Rb7 Rb2 27. Ra7 Rxb3 28. Rxa5 Rxc3 0-1

[Event "Irkutsk Baykal op"]
[Site "Irkutsk"]
[Date "2013.06.08"]
[Round "8"]
[White "Sidorov, Anton"]
[Black "Kiselyov, Sergei"]
[Result "1-0"]
[WhiteElo "1840"]
[BlackElo "2132"]
[PlyCount "111"]
[EventDate "2013.06.01"]
[EventType "swiss"]
[EventRounds "9"]
[EventCountry "RUS"]
[SourceTitle "CBM 155 Extra"]
[Source "ChessBase"]
[SourceDate "2013.08.26"]
[SourceVersion "1"]
[SourceVersionDate "2013.08.26"]
[SourceQuality "1"]

1. c4 c6 2. g3 d5 3. Qc2 Nf6 4. Bg2 e5 5. d3 h6 6. Nf3 Bd6 7. 0-0 0-0 8. Nc3 Be6 9. b3 Nbd7 10. Bb2 Rc8 11. Rad1 Qe7 12. e4 dxe4 13. dxe4 Bg4 14. Nh4 Bxd1 15. Rxd1 Bb4 16. Nf5 Qd8 17. Ne2 Re8 18. Nc1 Qc7 19. Nd3 Bf8 20. Kh1 Nc5 21. f4 Nxd3 22. Rxd3 Qa5 23. Bc3 Qc7 24. Bxe5 Rxe5 25. fxe5 Qxe5 26. Rd1 Re8 27. Nh4 Qc5 28. Bf3 Qe3 29. Rf1 Nxe4 30. Nf5 Qg5 31. Bxe4 Rd8 32. h4 Qg4 33. Qg2 Re8 34. Rf4 Qd1+ 35. Kh2 Bc5 36. Bc2 Qd7 37. h5 Re1 38. Rf1 Re8 39. Rd1 Qc7 40. Be4 Qe5 41. Re1 Qb8 42. Re2 Bb4 43. Bf3 Rd8 44. Rf2 Bc5 45. Re2 Bb4 46. Ne3 a5 47. Ng4 Rd4 48. Nf2 Rh4+ 49. Nh3 Bd6 50. Re4 Rxe4 51. Bxe4 Qe8 52. Qf3 Qe5 53. Nf2 Qb2 54. Kh3 Qxa2 55. Ng4 Qb2 56. Bg6 1-0

[Event "Irkutsk Baykal op"]
[Site "Irkutsk"]
[Date "2013.06.03"]
[Round "3"]
[White "Sergeev, Andrey"]
[Black "Kiselyov, Sergei"]
[Result "0-1"]
[WhiteElo "2048"]
[BlackElo "2132"]
[PlyCount "50"]
[EventDate "2013.06.01"]
[EventType "swiss"]
[EventRounds "9"]
[EventCountry "RUS"]
[SourceTitle "CBM 155 Extra"]
[Source "ChessBase"]
[SourceDate "2013.08.26"]
[SourceVersion "1"]
[SourceVersionDate "2013.08.26"]
[SourceQuality "1"]

1. d4 c6 2. c4 d5 3. Nc3 e6 4. Nf3 dxc4 5. a4 Bb4 6. e4 Bxc3+ 7. bxc3 b5 8. Be2 Ne7 9. 0-0 0-0 10. Ba3 Bb7 11. Qb1 Qc7 12. axb5 cxb5 13. Qxb5 Bxe4 14. Ne5 Nbc6 15. Nxc6 Bxc6 16. Qxc4 Rfc8 17. Bc5 Ng6 18. g3 Nf8 19. Qb4 Be4 20. Bd6 Qc6 21. f3 Bg6 22. Ba6 Qxc3 23. Bxc8 Qe3+ 24. Rf2 Rxc8 25. Rxa7 Rc2 0-1

[Event "Irkutsk Ermolaev Memorial 6th"]
[Site "Irkutsk"]
[Date "2012.08.07"]
[Round "7"]
[White "Grigoriev, Elisey"]
[Black "Kiselyov, Sergei"]
[Result "1/2-1/2"]
[WhiteElo "2120"]
[BlackElo "2138"]
[PlyCount "73"]
[EventDate "2012.08.01"]
[EventType "swiss"]
[EventRounds "9"]
[EventCountry "RUS"]
[SourceTitle "CBM 149 Extra"]
[Source "ChessBase"]
[SourceDate "2012.08.24"]
[SourceVersion "1"]
[SourceVersionDate "2012.08.24"]
[SourceQuality "1"]

1. e4 d5 2. exd5 Nf6 3. d4 Nxd5 4. c4 Nb6 5. c5 Nd5 6. Nc3 Nxc3 7. bxc3 b6 8. Qf3 c6 9. Bc4 e6 10. Ne2 Be7 11. 0-0 0-0 12. Bf4 bxc5 13. Rfd1 Bb7 14. Bd3 Ba6 15. c4 Qa5 16. Qe4 g6 17. Bh6 Re8 18. Bd2 Qc7 19. Nf4 cxd4 20. Nh3 e5 21. f4 f5 22. Qxe5 Qxe5 23. fxe5 Bf8 24. g4 fxg4 25. Nf2 Bc8 26. Rab1 Bf5 27. Bf4 Nd7 28. Bxf5 gxf5 29. Rxd4 Nxe5 30. Bxe5 Rxe5 31. Rd7 Re2 32. Rbb7 Rae8 33. Rxh7 Rxa2 34. Rh5 Ree2 35. Rxf5 Rxf2 36. Rg5+ Kh8 37. Rh5+ 1/2-1/2

[Event "Irkutsk Ermolaev Memorial 6th"]
[Site "Irkutsk"]
[Date "2012.08.03"]
[Round "3"]
[White "Vorobiev, Nikolay"]
[Black "Kiselyov, Sergei"]
[Result "0-1"]
[WhiteElo "2025"]
[BlackElo "2138"]
[PlyCount "74"]
[EventDate "2012.08.01"]
[EventType "swiss"]
[EventRounds "9"]
[EventCountry "RUS"]
[SourceTitle "CBM 149 Extra"]
[Source "ChessBase"]
[SourceDate "2012.08.24"]
[SourceVersion "1"]
[SourceVersionDate "2012.08.24"]
[SourceQuality "1"]

1. Nf3 Nf6 2. g3 d5 3. c4 d4 4. Bg2 c5 5. 0-0 Nc6 6. e3 e5 7. exd4 exd4 8. Re1+ Be7 9. d3 0-0 10. Bg5 Bg4 11. Nbd2 Qd7 12. Ne4 Nxe4 13. Bxe7 Nxf2 14. Kxf2 Bxf3 15. Qxf3 Nxe7 16. Qxb7 Qf5+ 17. Qf3 Rae8 18. Re2 Qxf3+ 19. Bxf3 Nf5 20. Bc6 Rxe2+ 21. Kxe2 Rb8 22. b3 Rb6 23. Bd7 Ne3 24. Rh1 Kf8 25. h4 Ke7 26. Bh3 Ra6 27. a4 Rb6 28. Rb1 a5 29. Rb2 Kd6 30. Bc8 f5 31. Kf3 Kc7 32. Bxf5 Nxf5 33. Kf4 Ne3 34. g4 Kd6 35. h5 Rb8 36. g5 Rf8+ 37. Ke4 Nd1 0-1

[Event "Irkutsk Ermolaev Memorial 5th"]
[Site "Irkutsk"]
[Date "2011.08.10"]
[Round "5"]
[White "Trapeznikova, Darya"]
[Black "Kiselyov, Sergei"]
[Result "0-1"]
[WhiteElo "1991"]
[BlackElo "2109"]
[PlyCount "138"]
[EventDate "2011.08.06"]
[EventType "swiss"]
[EventRounds "9"]
[EventCountry "RUS"]
[SourceTitle "CBM 144 Extra"]
[Source "ChessBase"]
[SourceDate "2011.10.28"]
[SourceVersion "1"]
[SourceVersionDate "2011.10.28"]
[SourceQuality "1"]

1. Nf3 c5 2. c4 Nf6 3. Nc3 g6 4. d4 cxd4 5. Nxd4 Nc6 6. e4 d6 7. Be2 Bg7 8. Be3 Be6 9. 0-0 0-0 10. f3 Rc8 11. Nxc6 bxc6 12. Qa4 c5 13. Rab1 Bd7 14. Qa3 a5 15. Nb5 Ra8 16. Rfd1 Ne8 17. Qd3 Nc7 18. a3 a4 19. b4 axb3 20. Rxb3 Nxb5 21. cxb5 Be6 22. Rbb1 c4 23. Qc2 Rxa3 24. Bf2 Qa5 25. Rdc1 Rb8 26. b6 Rb3 27. Rxb3 cxb3 28. Qc7 Qa8 29. Ba6 b2 30. Re1 Rf8 31. b7 Qb8 32. Qxb8 Rxb8 33. Ba7 Rxb7 34. Bxb7 Ba2 35. Bd5 b1Q 36. Rxb1 Bxb1 37. Kf2 Bd3 38. Bb3 Bb5 39. Ke3 Kf8 40. Bb6 Bb2 41. Ba5 h5 42. g3 Ba3 43. f4 e6 44. Bc3 Ke7 45. f5 gxf5 46. exf5 e5 47. Bd1 f6 48. Bxh5 d5 49. Ba1 d4+ 50. Kd2 Bc5 51. Bf3 Bb4+ 52. Kc1 Bd3 53. g4 Be1 54. Kd1 Bh4 55. Kd2 Bc4 56. Bb2 Bg5+ 57. Kd1 Bb3+ 58. Ke1 Bc2 59. Ba3+ Kf7 60. Bd5+ Kg7 61. Bc5 Ba4 62. Bc4 Bc6 63. Ke2 Bh4 64. Bb6 Kh6 65. h3 Kg5 66. Kd3 Kf4 67. Bf7 Bb5+ 68. Kd2 Bf1 69. Bc5 Bxh3 0-1

[Event "Irkutsk Ermolaev Memorial 5th"]
[Site "Irkutsk"]
[Date "2011.08.06"]
[Round "1"]
[White "Belialov, Rustam"]
[Black "Kiselyov, Sergei"]
[Result "0-1"]
[WhiteElo "1709"]
[BlackElo "2109"]
[PlyCount "54"]
[EventDate "2011.08.06"]
[EventType "swiss"]
[EventRounds "9"]
[EventCountry "RUS"]
[SourceTitle "CBM 144 Extra"]
[Source "ChessBase"]
[SourceDate "2011.10.28"]
[SourceVersion "1"]
[SourceVersionDate "2011.10.28"]
[SourceQuality "1"]

1. e4 e5 2. Nf3 d6 3. Bc4 Be7 4. 0-0 Nf6 5. d3 Bg4 6. Be3 0-0 7. Nbd2 c6 8. d4 b5 9. Bd3 Nbd7 10. a4 a6 11. c3 Qc7 12. Qc2 Qb7 13. h3 Bh5 14. axb5 axb5 15. Nh2 c5 16. dxe5 dxe5 17. Rfe1 c4 18. Bf1 Nc5 19. Bxc5 Bxc5 20. Nhf3 Qb6 21. Kh1 Bxf2 22. Rxa8 Rxa8 23. Rc1 Be3 24. Re1 Rd8 25. Rd1 Bf4 26. Be2 h6 27. Bf1 Qf2 0-1

[Event "Irkutsk-ch op"]
[Site "Irkutsk"]
[Date "2011.04.21"]
[Round "6"]
[White "Rozhnev, Gennady"]
[Black "Kiselyov, Sergei"]
[Result "1/2-1/2"]
[WhiteElo "2151"]
[BlackElo "2109"]
[PlyCount "66"]
[EventDate "2011.04.16"]
[EventType "swiss"]
[EventRounds "9"]
[EventCountry "RUS"]
[SourceTitle "EXT 2013"]
[Source "ChessBase"]
[SourceDate "2012.11.22"]
[SourceVersion "1"]
[SourceVersionDate "2012.11.22"]
[SourceQuality "1"]

1. c4 c6 2. Nf3 d5 3. b3 Bf5 4. d3 Nd7 5. Bb2 e6 6. a3 Ngf6 7. g3 Bd6 8. Nc3 a5 9. Bg2 Qe7 10. 0-0 0-0 11. Re1 e5 12. Nh4 Be6 13. cxd5 cxd5 14. Nb5 Bc5 15. d4 exd4 16. Nxd4 Qd6 17. Nhf5 Qb6 18. e3 Rfe8 19. Bf1 Bf8 20. Bd3 Nc5 21. Bc2 Rac8 22. f3 Ncd7 23. Rb1 Rc7 24. Re2 Rec8 25. g4 g6 26. a4 Ne5 27. Rg2 Nfd7 28. f4 Nxg4 29. Rxg4 Rxc2 30. Nxc2 Bxf5 31. Nd4 Bxb1 32. Qxb1 Nf6 33. Rg2 Ne4 1/2-1/2

[Event "Sibiria Region-ch"]
[Site "Irkutsk"]
[Date "2010.05.18"]
[Round "5"]
[White "Postnikov, Alexey"]
[Black "Kiselyov, Sergei"]
[Result "1-0"]
[WhiteElo "2004"]
[BlackElo "2103"]
[PlyCount "87"]
[EventDate "2010.05.15"]
[EventType "swiss"]
[EventRounds "9"]
[EventCountry "RUS"]
[SourceTitle "CBM 136 Extra"]
[Source "ChessBase"]
[SourceDate "2010.07.02"]
[SourceVersion "2"]
[SourceVersionDate "2010.07.15"]
[SourceQuality "1"]

1. d4 Nf6 2. c4 c5 3. d5 b5 4. cxb5 a6 5. b6 Qxb6 6. Nc3 g6 7. e4 d6 8. Nf3 Bg4 9. Qa4+ Bd7 10. Qc2 Bb5 11. Be2 Nbd7 12. a4 Bxe2 13. a5 Qb7 14. Qxe2 Bg7 15. Nd2 0-0 16. 0-0 Ne8 17. Nc4 Nc7 18. Bg5 Rfe8 19. f4 Nb5 20. Qd3 Ra7 21. Rae1 Qb8 22. Bh4 Nd4 23. Bg3 f6 24. Bf2 Rc8 25. b4 Nb5 26. Na4 cxb4 27. Bxa7 Qxa7+ 28. Ncb6 Rc7 29. Qb3 Nd4 30. Qd3 Nb5 31. Kh1 Nc3 32. Rc1 f5 33. exf5 Nc5 34. Nxc5 Rxc5 35. fxg6 hxg6 36. Qxg6 Rxa5 37. Qe6+ Kf8 38. Qf5+ Ke8 39. Nc8 Qd7 40. Qg6+ Kf8 41. Nxe7 Qe8 42. Qf5+ Qf7 43. Qc8+ Qe8 44. Ng6+ 1-0

[Event "Irkutsk Region-ch"]
[Site "Angarsk"]
[Date "2009.10.31"]
[Round "6"]
[White "Goryachkin, Alexander"]
[Black "Kiselyov, Sergei"]
[Result "0-1"]
[WhiteElo "2064"]
[BlackElo "2112"]
[PlyCount "84"]
[EventDate "2009.10.26"]
[EventType "swiss"]
[EventRounds "9"]
[EventCountry "RUS"]
[SourceTitle "EXT 2023"]
[Source "ChessBase"]
[SourceDate "2022.10.05"]
[SourceVersion "1"]
[SourceVersionDate "2022.10.05"]
[SourceQuality "1"]

1. c4 Nf6 2. Nc3 d5 3. cxd5 Nxd5 4. Nf3 g6 5. e4 Nxc3 6. dxc3 Qxd1+ 7. Kxd1 Bg7 8. Kc2 Nd7 9. Nd4 c6 10. Be3 0-0 11. a4 e5 12. Nb3 Re8 13. a5 Bf8 14. Be2 f5 15. exf5 gxf5 16. f4 exf4 17. Bc4+ Kh8 18. Bd4+ Bg7 19. Rhe1 Rf8 20. Bxg7+ Kxg7 21. Re7+ Kg6 22. Rf1 b5 23. axb6 Nxb6 24. Rxf4 a5 25. Nc5 a4 26. Rc7 Rf6 27. Bg8 Rd6 28. Rd4 Nd5 29. Bxd5 cxd5 30. Rxa4 Rxa4 31. Nxa4 Ba6 32. Nc5 Bf1 33. Nd3 d4 34. c4 Rb6 35. Ne5+ Kh6 36. Nf3 d3+ 37. Kc3 Bxg2 38. Nd4 Be4 39. Nb5 Rg6 40. Nd4 Rg2 41. b4 Kg6 42. b5 d2 0-1

[Event "Sibiria Region-ch"]
[Site "Irkutsk"]
[Date "2009.05.16"]
[Round "9"]
[White "Goryachkin, Alexander"]
[Black "Kiselyov, Sergei"]
[Result "1/2-1/2"]
[WhiteElo "1967"]
[BlackElo "2131"]
[PlyCount "136"]
[EventDate "2009.05.10"]
[EventType "swiss"]
[EventRounds "9"]
[EventCountry "RUS"]
[SourceTitle "CBM 130 Extra"]
[Source "ChessBase"]
[SourceDate "2009.07.02"]
[SourceVersion "2"]
[SourceVersionDate "2009.07.15"]
[SourceQuality "1"]

1. e4 e6 2. d4 d5 3. Nc3 Bb4 4. e5 Qd7 5. a3 Bxc3+ 6. bxc3 b6 7. a4 Ba6 8. Bxa6 Nxa6 9. Qd3 Nb8 10. a5 Nc6 11. axb6 cxb6 12. Nf3 Na5 13. 0-0 Nc4 14. Nd2 Rc8 15. Nxc4 Rxc4 16. Ba3 Ne7 17. f4 0-0 18. g4 f5 19. g5 Rfc8 20. Rf3 Nc6 21. Rh3 Ra4 22. Qb5 Nb8 23. Qb3 Qc6 24. Qb2 Qc4 25. Rd3 Nc6 26. Bd6 Rxa1+ 27. Qxa1 Qb5 28. Kf2 Na5 29. Bb4 Nc6 30. Bd6 Na5 31. Bb4 Rc7 32. Rd1 Nc6 33. Bd6 Rc8 34. Rb1 Qa5 35. Qb2 Qa6 36. Ra1 Qb7 37. h3 Nd8 38. Qa3 Nc6 39. Qb3 Qf7 40. Qb5 Na5 41. Bb4 Nc4 42. Qa6 Rc7 43. Bd6 Rb7 44. Bb4 Qd7 45. Ra2 Qc6 46. Ra1 Rd7 47. Ra2 Qb7 48. Qb5 a5 49. Bd6 Rd8 50. Ra1 Rc8 51. Rb1 Qc6 52. Ke2 Qxb5 53. Rxb5 Kf7 54. Rb1 Ke8 55. Ra1 Nxd6 56. exd6 Kd7 57. Kd3 Kxd6 58. h4 Rc6 59. h5 Kc7 60. Kd2 Kb7 61. Ra3 Ka6 62. Kc1 b5 63. Kb2 a4 64. Ra1 Ka5 65. Re1 b4 66. cxb4+ Kxb4 67. Re3 a3+ 68. Kb1 a2+ 1/2-1/2